000 00504nam a22001817a 4500
003 0
005 20231128124607.0
008 231104b xxu||||| |||| 00| 0 eng d
020 _a978-1-78344-795-4
050 _aTR
_bWhe567 2019
100 _aEland, Eva
245 _aWhen sadness comes to call
_cEva Eland
260 _aLondon
_bAndersen Press
_cc2019.
300 _a25 pages :
_bcolored illustrations ;
_c24 cm.
650 _aChildrens stories.
650 _aConduct of life.
942 _2lcc
_cBK
999 _c365556
_d365556